000 00428nam a2200133Ia 4500
008 100328s9999 xx 000 0 und d
082 _b70949
100 _aशिरसाठ शेखर
245 _aविविध खेळ आणि नियम
260 _bसाकेत
630 _aविविध खेळ आणि नियम
730 _aविविध खेळ आणि नियम
942 _cBOOK
999 _c556674
_d556671